Units - Length or Time? #2 - Statistics

General Stats
  • This quiz has been taken 26 times
    22 since last reset
  • The average score is 16 of 20
Answer Stats
Question Answer % Correct
Foot Length
100%
Stone's throw Length
100%
Rod Length
100%
Horse Length
100%
Week Time
100%
Decade Time
100%
Quarantine Time
100%
Furlong Length
83%
Double-decker bus Length
83%
Pace Length
83%
Epoch Time
83%
Eon Time
83%
Shake Time
83%
Micron Length
67%
Thou Length
50%
a0 Length
50%
Mississippi Time
50%
Sol Time
50%
Lūstrum Time
50%
X unit Length
33%
No matching quizzes found
Score Distribution
Percent of People with Each Score
Percentile by Number Answered
Your Score History
You have not taken this quiz since the last reset